| 000 | 00877nam a2200265 a 4500 | ||
|---|---|---|---|
| 001 | BRL_877 | ||
| 005 | 20190320210933.0 | ||
| 008 | 211013s1974----nyuab#####---#000-0#eng-# | ||
| 020 | _a0834810301 | ||
| 041 | _aeng | ||
| 044 | _anyu | ||
| 050 | 4 |
_aNK844 _b.T66 1974 |
|
| 100 | 1 |
_aToneyama, Kojin _925220 |
|
| 245 | 1 | 0 |
_aThe popular arts of Mexico _cby Kojin Toneyama ; with a foreword and notes on modern Mexican folk crafts by Carlos Espejel ; Japanese text translated by Richard L. Gage. |
| 260 |
_aNew York _bWeatherhill/Heibonsha _c1974 |
||
| 300 |
_a225 p. _bil. (algunas a color), mapas _c37 cm. |
||
| 500 | _aAu971 | ||
| 650 | 1 | 4 |
_aArte popular _zMéxico _9882 |
| 650 | 1 | 4 |
_aArte decorativas _zMéxico _925221 |
| 650 | 1 | 4 |
_aArtesanias _zMéxico _93976 |
| 700 | 1 |
_aEspejel, Carlos _925222 |
|
| 700 | 1 |
_aGage, Richard L. _etr. _925223 |
|
| 902 | _aGRL | ||
| 942 |
_2lcc _cB |
||
| 999 |
_c9689 _d9689 |
||